Drevárstvo a nábytkárstvo sa liečilo z konkurzov

Hospodárenie drevárskeho a nábytkárskeho priemyslu v r. 2000. Hospodársky výsledok, zisk, tržby. Nábytkárstvo sa po dlhom období stratovosti vrátilo ku kladným číslam. Skrachované podniky odpredané v konkurzoch začínajú znova fungovať. Do podnikov začal v r. 2000 vstupovať aj zahraničný kapitál. Roz...

Descrizione completa

Salvato in:
Dettagli Bibliografici
Autore principale: Apolen, Peter
Natura: Capitolo di libro
Lingua:slovacco
Soggetti:
Tags: Aggiungi Tag
Nessun Tag, puoi essere il primo ad aggiungerne!!

MARC

LEADER 00000naa a2200000 4500
001 r042682
005 20230921111455.9
041 0 |a slo 
044 |a SK 
245 1 0 |a Drevárstvo a nábytkárstvo sa liečilo z konkurzov  |c Peter Apolen 
520 |a Hospodárenie drevárskeho a nábytkárskeho priemyslu v r. 2000. Hospodársky výsledok, zisk, tržby. Nábytkárstvo sa po dlhom období stratovosti vrátilo ku kladným číslam. Skrachované podniky odpredané v konkurzoch začínajú znova fungovať. Do podnikov začal v r. 2000 vstupovať aj zahraničný kapitál. Rozšírenie investícií. Štát by mal podporiť úvery na projekty zvyšujúce finalizáciu spracovania dreva. 
610 2 0 |a priemysel drevársky 
610 2 0 |a priemysel nábytkársky 
610 2 0 |a podnik 
610 2 0 |a konkurzy 
610 2 0 |a hospodárenie finančné 
610 2 0 |a hospodárenie podnikové 
610 2 0 |a zisk 
610 2 0 |a tržby 
610 2 0 |a výsledok hospodársky 
610 2 0 |a investície zahraničné 
610 2 0 |a Slovensko 
610 2 0 |a 2000 
100 1 |a Apolen, Peter